00741nam a2200193 a 4500008004100000050001400041100001600055245004300071246002100114246004500135246003200180260002600212350000900238650001500247650003100262995009500293999001700388952014200405120416s1981 ||||||||||||||||| || u aHD 31 Fra aFrain, John14aThe organisation in it's environment I athe organisation athe organisation and demographic factors athe state and the community aLondonbCassellc1981 a0.00 0aMANAGEMENT aENVIRONMENTAL ORGANIZATION D0.00FCBU-MAIN LIBRARY (Kitwe)H1I6.95M1UAVAILABLEZMain Library Open Access Collection c52806d52806 00102lcc4070a001b001cMain Library Open Access Collectiond2022-11-30l1oHD 31 Frap000454r2025-04-29s2025-02-26w2022-11-30y002